| 000 | 004550000a22001810004500 | ||
|---|---|---|---|
| 003 | MACL | ||
| 005 | 20151023113633.0 | ||
| 008 | 151023b xxu||||| |||| 00| 0 eng d | ||
| 040 |
_aMACL _cMACL |
||
| 041 | _aEnglish | ||
| 082 | _a954/SAN | ||
| 100 |
_aKhan, Chengiz _916369 |
||
| 245 |
_aRahul Sankrityayana _bHistory of central Asia |
||
| 260 |
_bNew Age Publishers _c2007 _aKolkata |
||
| 350 | _a495 | ||
| 650 |
_aHistory _916370 |
||
| 942 |
_cBK _k954 _2ddc |
||
| 999 |
_c8195 _d8195 |
||